Statistics for World Gymnastic All Around Champions (Women)

Click here to take the quiz!

General Stats

  • This quiz has been taken 1,379 times
    (220 since last reset)
  • The average score is 47 of 85

Answer Stats

YearRankCountry RepresentedGymnast% Correct
2013GoldUSASimone Biles
89%
2014GoldUSASimone Biles
89%
2018GoldUSASimone Biles
89%
2019GoldUSASimone Biles
89%
2015GoldUSASimone Biles
89%
2023GoldUSASimone Biles
89%
2005SilverUSAAnastasia Liukin
78%
2015SilverUSAGabrielle Douglas
78%
2017GoldUSAMorgan Hurd
76%
2018BronzeUSAMorgan Hurd
76%
1994GoldUSAShannon Miller
76%
1993GoldUSAShannon Miller
76%
2007GoldUSAShawn Johnson
76%
2010GoldRussiaAliya Mustafina
71%
2013BronzeRussiaAliya Mustafina
71%
2022GoldBrazilRebeca Andrade
71%
2023SilverBrazilRebeca Andrade
71%
2023BronzeUSAShilese Jones
71%
2022SilverUSAShilese Jones
71%
2021GoldRGF*Angelina Melnikova
69%
2019BronzeRussiaAngelina Melnikova
69%
2007BronzeItalyVanessa Ferrari
69%
2006GoldItalyVanessa Ferrari
69%
2011GoldUSAJordyn Wieber
67%
2014BronzeUSAKyla Ross
67%
2013SilverUSAKyla Ross
67%
2009GoldUSABridget Sloan
64%
2018SilverJapanMurakami Mai
64%
2005GoldUSAChellsie Memmel
62%
2017SilverCanadaElsabeth Black
62%
2003GoldRussiaSvetlana Khorkina
62%
1997GoldRussiaSvetlana Khorkina
62%
2001GoldRussiaSvetlana Khorkina
62%
1995SilverRussiaSvetlana Khorkina
62%
1991GoldUSAKim Zmeskal
60%
1995GoldUkraineLilia Podkopayeva
60%
2022BronzeGreat BritainJessica Gadirova
58%
1989GoldSoviet UnionSvetlana Boguinskaya
58%
1991SilverSoviet UnionSvetlana Boguinskaya
58%
2003SilverUSACarly Patterson
56%
1985GoldSoviet UnionElena Shushunova
56%
1987SilverSoviet UnionElena Shushunova
56%
2021BronzeUSAKayla DiCello
56%
2021SilverUSALeanne Wong
56%
2009SilverUSARebecca Bross
56%
2010BronzeUSARebecca Bross
56%
1997SilverRomaniaSimona Amanar
56%
2014SilverRomaniaLarisa Iordache
53%
2015BronzeRomaniaLarisa Iordache
53%
1987BronzeRomaniaDaniela Silivas
51%
1993SilverRomaniaGina Gogean
49%
2011SilverRussiaViktoria Komova
49%
1983BronzeRomaniaEkaterina Szabo
47%
1985GoldSoviet UnionOksana Omelianchik
47%
1981BronzeSoviet UnionYelena Davydova
47%
1987GoldRomaniaAurelia Dobre
44%
1999BronzeRussiaElena Zamolodchikova
44%
2007BronzeBrazilJade Barbosa
44%
1995BronzeRomaniaLavinia Milosovici
44%
1994SilverRomaniaLavinia Milosovici
44%
1999GoldRomaniaMaria Olaru
44%
2001BronzeRomaniaAndreea Raducan
42%
1983SilverSoviet UnionOlga Mostepanova
42%
2017BronzeRussiaElena Eremina
40%
1983GoldSoviet UnionNatalia Yurchenko
40%
2006BronzeRomaniaSandra Izbasa
40%
2003BronzeChinaZhang Nan
40%
1991BronzeRomaniaCristina Bontas
38%
1985BronzeEast GermanyDagmar Kersten
38%
2019SilverChinaTang Xijing
38%
2009BronzeJapanTsurumi Koko
38%
2011BronzeChinaYao Jinnan
38%
1997BronzeRussiaElena Produnova
36%
2006SilverUSAJana Bieger
36%
1981SilverSoviet UnionMaria Filatova
33%
1981GoldSoviet UnionOlga Bicherova
33%
1993BronzeUkraineTatiana Lysenko
33%
1994BronzeRussiaDina Kochetkova
31%
2005BronzeAustraliaMonette Russo
31%
2007SilverRomaniaSteliana Nistor
31%
1999SilverUkraineViktoria Karpenko
31%
2010SilverChinaJiang Yuyuan
27%
2001SilverRussiaNatalia Ziganchina
27%
1989BronzeSoviet UnionOlga Strazheva
27%
1989SilverSoviet UnionNatalia Lashchenova
24%

Score Distribution

Percentile by Number Answered

Percent of People with Each Score

Your Score History

You have not taken this quiz since the last reset